000 00185nam a2200085Ia 4500
008 250605s9999 xx 000 0 und d
041 _aeng
100 _aManisha Arora
245 _aTradeshala
999 _c45697
_d45697